000 00189nam a2200073Ia 4500
008 170620s9999 xx 000 0 und d
100 _aHAZARIKA PADMALOCHAN
245 0 _aBUSINESS STATISTICS
260 _bN-DELHI SULTAN CHAND
999 _c30172
_d30172